[Event "Rowy op 09"]
[Site "Rowy"]
[Date "2012.09.??"]
[Round "3"]
[White "Krzystala, Henryk"]
[Black "Zaleski, Jan"]
[Result "1-0"]
[WhiteElo "1621"]
[BlackElo "1851"]
[PlyCount "45"]
[EventDate "2012.09.??"]
[EventType "swiss"]
[EventRounds "9"]
[EventCountry "POL"]
[SourceTitle "EXT 2014"]
[Source "ChessBase"]
[SourceDate "2013.11.20"]
[SourceVersion "1"]
[SourceVersionDate "2013.11.20"]
[SourceQuality "1"]

1. Nf3 c5 2. c3 e6 3. g3 b6 4. Bg2 Bb7 5. 0-0 Nf6 6. d3 Be7 7. e4 d6 8. Re1 0-0 9. Nbd2 Qc7 10. d4 Nbd7 11. e5 dxe5 12. dxe5 Nd5 13. a3 b5 14. c4 bxc4 15. Nxc4 N7b6 16. Qc2 Nxc4 17. Qxc4 Nb6 18. Qg4 g6 19. h4 h5 20. Qf4 Rfd8 21. Ng5 Bf8 22. Bxb7 Qxb7 23. Qe4 1-0

[Event "Rowy op 09"]
[Site "Rowy"]
[Date "2012.09.??"]
[Round "7"]
[White "Zaleski, Jan"]
[Black "Jagiello, Adolf"]
[Result "1/2-1/2"]
[WhiteElo "1851"]
[BlackElo "1459"]
[PlyCount "30"]
[EventDate "2012.09.??"]
[EventType "swiss"]
[EventRounds "9"]
[EventCountry "POL"]
[SourceTitle "EXT 2014"]
[Source "ChessBase"]
[SourceDate "2013.11.20"]
[SourceVersion "1"]
[SourceVersionDate "2013.11.20"]
[SourceQuality "1"]

1. b3 e5 2. Bb2 Nc6 3. c4 Nf6 4. e3 Be7 5. a3 d6 6. Qc2 Be6 7. Nf3 Nd7 8. Nc3 f5 9. Nd5 Bf6 10. Nxf6+ Qxf6 11. d4 Bf7 12. d5 Nd8 13. Nd2 Bg6 14. f4 Qf7 15. Nf3 h6 1/2-1/2

[Event "Krynica Cross-ch sf"]
[Site "Krynica"]
[Date "2012.03.??"]
[Round "8"]
[White "Zaleski, Jan"]
[Black "Debowska, Teresa"]
[Result "0-1"]
[WhiteElo "1891"]
[BlackElo "1866"]
[PlyCount "20"]
[EventDate "2012.03.??"]
[EventType "swiss"]
[EventRounds "9"]
[EventCountry "POL"]
[SourceTitle "EXT 2014"]
[Source "ChessBase"]
[SourceDate "2013.11.20"]
[SourceVersion "1"]
[SourceVersionDate "2013.11.20"]
[SourceQuality "1"]

1. b3 Nf6 2. Bb2 g6 3. g3 Bg7 4. Bg2 d5 5. Nf3 0-0 6. 0-0 c5 7. d3 Nc6 8. Nbd2 Qc7 9. Rb1 e5 10. c4 d4 0-1

[Event "POL-chT blind Gp-A"]
[Site "Mielno"]
[Date "2011.03.31"]
[Round "7.8"]
[White "Gunajew, Rafal"]
[Black "Zaleski, Jan"]
[Result "1-0"]
[WhiteElo "2281"]
[BlackElo "1880"]
[PlyCount "57"]
[EventDate "2011.03.27"]
[EventType "team-tourn"]
[EventRounds "10"]
[EventCountry "POL"]
[SourceTitle "EXT 2019"]
[Source "ChessBase"]
[SourceDate "2018.10.10"]
[SourceVersion "1"]
[SourceVersionDate "2018.10.10"]
[SourceQuality "1"]

1. Nc3 d5 2. d4 f5 3. Bf4 Nf6 4. Nf3 a6 5. e3 e6 6. Bd3 Nbd7 7. Ne5 Bd6 8. Nxd7 Qxd7 9. Ne2 0-0 10. h4 Qf7 11. c3 Bd7 12. a4 Rab8 13. b4 Ne4 14. 0-0 Qh5 15. g3 h6 16. Bxd6 cxd6 17. Nf4 Qxd1 18. Rfxd1 Kf7 19. c4 dxc4 20. Bxc4 d5 21. Bb3 Rbc8 22. Nd3 Ke7 23. a5 Bb5 24. Nc5 Nd6 25. f3 Rf6 26. Rac1 Ra8 27. Kg2 Be8 28. Re1 Bg6 29. Bc2 1-0

[Event "POL-chT blind Gp-A"]
[Site "Mielno"]
[Date "2011.03.28"]
[Round "3.13"]
[White "Gosek, Zenon"]
[Black "Zaleski, Jan"]
[Result "0-1"]
[WhiteElo "2067"]
[BlackElo "1880"]
[PlyCount "72"]
[EventDate "2011.03.27"]
[EventType "team-tourn"]
[EventRounds "10"]
[EventCountry "POL"]
[SourceTitle "EXT 2019"]
[Source "ChessBase"]
[SourceDate "2018.10.10"]
[SourceVersion "1"]
[SourceVersionDate "2018.10.10"]
[SourceQuality "1"]

1. e4 c5 2. Ne2 Nc6 3. d4 cxd4 4. Nxd4 a6 5. Bc4 e6 6. 0-0 Nge7 7. Nc3 Nxd4 8. Qxd4 Nc6 9. Qd1 b5 10. Bd3 Bc5 11. Kh1 Qh4 12. f4 Nb4 13. a3 Nxd3 14. cxd3 Bb7 15. d4 Ba7 16. Qd3 0-0 17. f5 exf5 18. Rxf5 Rae8 19. d5 h6 20. Rf4 Qe1+ 21. Rf1 Qh4 22. Bf4 Qe7 23. Bxh6 gxh6 24. Rf5 f6 25. Raf1 Rf7 26. Qh3 Rh7 27. Rxf6 Bd4 28. Rg6+ Kh8 29. d6 Qe5 30. Rf5 Bxc3 31. Rxe5 Bxe5 32. Rxh6 Bxe4 33. Qxd7 Rf8 34. Rxh7+ Bxh7 35. g3 Be4+ 36. Kg1 Bd4# 0-1

[Event "POL-chT blind"]
[Site "Mielno"]
[Date "2010.03.24"]
[Round "5.13"]
[White "Boese, Artur"]
[Black "Zaleski, Jan"]
[Result "1/2-1/2"]
[WhiteElo "1921"]
[BlackElo "1872"]
[PlyCount "72"]
[EventDate "2010.03.21"]
[EventType "team-tourn"]
[EventRounds "10"]
[EventCountry "POL"]
[SourceTitle "EXT 2011"]
[Source "ChessBase"]
[SourceDate "2010.11.26"]
[SourceVersion "1"]
[SourceVersionDate "2010.11.26"]
[SourceQuality "1"]

1. c4 c5 2. Nc3 Nc6 3. Nf3 g6 4. g3 Bg7 5. Bg2 d6 6. 0-0 Qd7 7. d3 Qd8 8. Nd5 Bd7 9. Rb1 e6 10. Nc3 Nge7 11. Nb5 Qb8 12. Bf4 e5 13. Bd2 0-0 14. Qc1 Nf5 15. e4 Nfd4 16. Nbxd4 exd4 17. a3 Qc7 18. b4 b6 19. b5 Ne5 20. Ne1 Be8 21. f4 Nd7 22. f5 Rd8 23. Bh6 f6 24. g4 Ne5 25. Bd2 g5 26. Qd1 Qf7 27. Nf3 Qe7 28. Nxe5 dxe5 29. h4 h6 30. hxg5 hxg5 31. Kf2 Rf7 32. Rh1 Bh8 33. Rh3 Rh7 34. Qh1 Qg7 35. Rxh7 Qxh7 36. Qxh7+ Kxh7 1/2-1/2

[Event "Brandenburg-ch Seniors 18th"]
[Site "Rowy"]
[Date "2009.06.30"]
[Round "9"]
[White "Zaleski, Jan"]
[Black "Goroll, Hans Juergen"]
[Result "1/2-1/2"]
[WhiteElo "1646"]
[BlackElo "1553"]
[PlyCount "32"]
[EventDate "2009.06.22"]
[EventType "swiss"]
[EventRounds "9"]
[EventCountry "POL"]
[SourceTitle "EXT 2022"]
[Source "ChessBase"]
[SourceDate "2021.10.06"]
[SourceVersion "1"]
[SourceVersionDate "2021.10.06"]
[SourceQuality "1"]

1. b3 Nf6 2. Bb2 g6 3. f4 Bg7 4. e4 d6 5. Nf3 Nc6 6. Bb5 0-0 7. Bxc6 bxc6 8. d3 Bg4 9. 0-0 Re8 10. h3 Bxf3 11. Qxf3 e5 12. g4 Qe7 13. Nd2 exf4 14. Rae1 g5 15. Ba1 Nd7 16. Bxg7 Kxg7 1/2-1/2

[Event "Brandenburg-ch Seniors 18th"]
[Site "Rowy"]
[Date "2009.06.26"]
[Round "5"]
[White "Zaleski, Jan"]
[Black "Groeling, Juergen"]
[Result "1/2-1/2"]
[WhiteElo "1646"]
[BlackElo "1778"]
[PlyCount "36"]
[EventDate "2009.06.22"]
[EventType "swiss"]
[EventRounds "9"]
[EventCountry "POL"]
[SourceTitle "EXT 2022"]
[Source "ChessBase"]
[SourceDate "2021.10.06"]
[SourceVersion "1"]
[SourceVersionDate "2021.10.06"]
[SourceQuality "1"]

1. b3 c5 2. Bb2 Nc6 3. Nf3 d6 4. e3 e5 5. d4 exd4 6. exd4 Nf6 7. Be2 Be7 8. d5 Nb4 9. c4 Bf5 10. Na3 0-0 11. 0-0 h6 12. Ne1 Qd7 13. Nac2 Nxc2 14. Nxc2 Rae8 15. Ne3 Bd8 16. Re1 Nh7 17. Bd3 Bxd3 18. Qxd3 f5 1/2-1/2

[Event "Brandenburg-ch Seniors 18th"]
[Site "Rowy"]
[Date "2009.06.24"]
[Round "3"]
[White "Zaleski, Jan"]
[Black "Lipski, Tadeusz"]
[Result "0-1"]
[WhiteElo "1646"]
[BlackElo "2088"]
[PlyCount "28"]
[EventDate "2009.06.22"]
[EventType "swiss"]
[EventRounds "9"]
[EventCountry "POL"]
[SourceTitle "EXT 2022"]
[Source "ChessBase"]
[SourceDate "2021.10.06"]
[SourceVersion "1"]
[SourceVersionDate "2021.10.06"]
[SourceQuality "1"]

1. b3 e5 2. Bb2 Nc6 3. e3 d5 4. Bb5 f6 5. Qh5+ g6 6. Qe2 Bg7 7. f4 Nh6 8. h3 0-0 9. Bxc6 bxc6 10. fxe5 fxe5 11. g3 a5 12. a4 Nf5 13. Qg2 Qg5 14. Ne2 Nh4 0-1

[Event "Grunwald Cup 22nd blind"]
[Site "Dadaj"]
[Date "2007.09.26"]
[Round "5"]
[White "Wolak, Tomasz"]
[Black "Zaleski, Jan"]
[Result "1/2-1/2"]
[WhiteElo "2012"]
[BlackElo "1905"]
[PlyCount "22"]
[EventDate "2007.09.24"]
[EventType "swiss"]
[EventRounds "9"]
[EventCountry "POL"]
[SourceTitle "EXT 2009"]
[Source "ChessBase"]
[SourceDate "2008.11.26"]
[SourceVersion "1"]
[SourceVersionDate "2008.11.26"]
[SourceQuality "1"]

1. d4 f5 2. Nf3 Nf6 3. Bf4 d5 4. e3 e6 5. Nbd2 Nbd7 6. Bd3 g6 7. 0-0 Bg7 8. Ne5 0-0 9. c4 c6 10. Nxd7 Bxd7 11. Rc1 Rc8 1/2-1/2

[Event "Prague Meta"]
[Site "Prague"]
[Date "1989.??.??"]
[Round "2"]
[White "Bucek, Jiri"]
[Black "Zaleski, Jan"]
[Result "1-0"]
[WhiteElo "2100"]
[BlackElo "2135"]
[PlyCount "77"]
[EventDate "1989.??.??"]
[EventType "tourn"]
[EventRounds "9"]
[EventCountry "CZE"]
[SourceTitle "EXT 1997"]
[Source "ChessBase"]
[SourceDate "1996.11.15"]
[SourceVersion "1"]
[SourceVersionDate "1996.11.15"]
[SourceQuality "1"]

1. e4 e5 2. Nf3 Nc6 3. Bc4 Bc5 4. c3 Nf6 5. d4 exd4 6. cxd4 Bb4+ 7. Nc3 Nxe4 8. 0-0 Bxc3 9. d5 Bf6 10. Re1 Ne7 11. Rxe4 d6 12. Bg5 Bxg5 13. Nxg5 h6 14. Qe2 hxg5 15. Re1 Be6 16. dxe6 f6 17. Re3 c6 18. Rh3 Rxh3 19. gxh3 g6 20. Bd3 Qa5 21. b4 Qe5 22. Qd1 Qc3 23. b5 c5 24. Re3 Qd4 25. Qf3 0-0-0 26. Re4 Qa1+ 27. Kg2 d5 28. Ra4 Kb8 29. Bc2 c4 30. Qa3 Nc8 31. Bxg6 Qe5 32. b6 axb6 33. Ra8+ Kc7 34. Rxc8+ Rxc8 35. Qe7+ Kb8 36. Be8 c3 37. Bd7 c2 38. Bxc8 c1Q 39. Qxb7# 1-0

[Event "Prague Meta"]
[Site "Prague"]
[Date "1989.??.??"]
[Round "4"]
[White "Svarcova, Jitka"]
[Black "Zaleski, Jan"]
[Result "1-0"]
[WhiteElo "2035"]
[BlackElo "2135"]
[PlyCount "41"]
[EventDate "1989.??.??"]
[EventType "tourn"]
[EventRounds "9"]
[EventCountry "CZE"]
[SourceTitle "EXT 1997"]
[Source "ChessBase"]
[SourceDate "1996.11.15"]
[SourceVersion "1"]
[SourceVersionDate "1996.11.15"]
[SourceQuality "1"]

1. d4 d5 2. Nf3 Nf6 3. c4 c6 4. Nc3 e6 5. Bg5 dxc4 6. e4 b5 7. e5 h6 8. Bh4 g5 9. Nxg5 hxg5 10. Bxg5 Nbd7 11. exf6 Bb7 12. Qf3 Qb6 13. Be3 0-0-0 14. 0-0-0 c5 15. Ne4 Qa5 16. dxc5 Bxc5 17. Qf4 e5 18. Qf5 Bxe3+ 19. fxe3 Rh4 20. Nd6+ Kc7 21. Nxb7 1-0